100 suosituinta miesten nimeä alkukirjaimella O - Statistics

Yleistilastot
  • Tätä visaa on pelattu 102 kertaa
  • Keskiarvotulos 34 / 100
Vastaustilastot
% Oikein
Olli
95%
Ollie
95%
Oscar
95%
Oska
95%
Oskar
95%
Ola
94%
Oscari
94%
Oskari
94%
Onni
91%
Olaf
89%
Olav
89%
Olof
89%
Olov
89%
Ossi
88%
Otto
86%
Olavi
84%
Otso
78%
Oiva
77%
Oula
73%
Ohto
72%
Oliver
72%
Oliveri
72%
Olivier
72%
Oliwer
72%
Olliver
72%
Okko
66%
Osku
64%
Osmo
64%
Ossian
61%
Oo
58%
Ole
52%
Olle
52%
Olli-Pekka
52%
Oma
45%
Olli-Matti
41%
Orvo
41%
Omar
38%
Omer
38%
Odin
34%
Ora
34%
Ove
33%
Owe
33%
Osma
31%
Oki
30%
Oku
30%
Otava
28%
Oke
27%
Oras
27%
Oleg
23%
Orion
19%
Osman
19%
Ousman
19%
Oleksi
16%
Ollinpoika
16%
Onnimanni
16%
Orvar
13%
Osama
13%
Osamah
13%
Osvald
13%
Oswald
13%
Owen
13%
Oski
9%
Olaus
8%
Oleksandr
8%
Orson
8%
Otis
8%
Ozzy
8%
Orhan
6%
Orlando
6%
Odd
5%
Ontrei
5%
Outa
5%
Olai
3%
Ocean
2%
Orjo
2%
Othman
2%
Oulas
2%
Ovllá
2%
Obaid
0%
Obinna
0%
Octavio
0%
Oday
0%
Odert
0%
Oguz
0%
Okan
0%
Oktay
0%
Olalekan
0%
Olamide
0%
Olanrewaju
0%
Olofsson
0%
Oluwaseun
0%
Omed
0%
Omid
0%
Omran
0%
Onur
0%
Optatus
0%
Ortamo
0%
Osei
0%
Otieno
0%
Ozan
0%
Ehtoja vastaavia visoja ei löytynyt
Tulosjakauma
Jokaisen tuloksen saaneiden osuus
Persentiili vastausten määrän mukaan
Tuloshistoriasi
Et ole pelannut tätä visaa